|
|
|
|
| LEADER |
00000nam0a2200000 4500 |
| 001 |
274833 |
| 005 |
20231101234751.0 |
| 035 |
|
|
|a (RuTPU)RU\TPU\book\298062
|
| 090 |
|
|
|a 274833
|
| 100 |
|
|
|a 20141110d1968 k y0rusy50 ca
|
| 101 |
0 |
|
|a rus
|
| 102 |
|
|
|a RU
|
| 105 |
|
|
|a a z 001zy
|
| 200 |
1 |
|
|a Гетерогенные процессы геохимической миграции
|f В. С. Голубев, А. А. Гарибянц
|
| 210 |
|
|
|a Москва
|c Недра
|d 1968
|
| 215 |
|
|
|a 192 с.
|c ил.
|
| 320 |
|
|
|a Библиография в конце глав.
|
| 330 |
|
|
|a В работе излагается теория геохимической миграции, обусловленной фильтрацией и диффузией с учетом взаимодействия мигрирующих веществ с породами и друг с другом. Даются аналитические решения задачи геохимической миграции в следующих случаях: 1) диффузия вещества без учета взаимодействия с вмещающими породами, 2) диффузия с учетом сорбции и ионного обмена, 3) диффузия с учетом химических реакций, 4)фильтрация без учета взаимодействия с вмещающими породами, 5) фильтрация с учетом сорбции и ионного обмена, в) фильтрация с учетом химических реакций мигрирующего вещества с породами. Пользуясь полученными уравнениями, можно рассчитать дальность миграции веществ залежи, количество мигрировавших за определенное время веществ и закон распределения веществ в пространстве над залежью, если известны константы равновесия и скоростей процессов взаимодействия веществ с породами, коэффициенты диффузии и скорости фильтрации. На основе полученных результатов теоретически обосновывается эмпирический принцип дифференциальной подвижности веществ в земной коре, сформулированный Д. С. Коржинским, Развитая теория применяется для описания формирования геохимических: ореолов, гидротермальных: руд и нефтяных залежей. Диффузия сопровождается сорбцией или ионным обменом веществ со средой. Получено распределение аномальных концентраций над бесконечной и конечной залежами, над линейными и точечным источниками диффундирующего вещества. Приведены экспериментальные результаты по изучению кинетики ионного обмена на породах, фильтрации, полученные авторами. Обсуждается концепция "фильтрационного эффекта". В книге сведены основные результаты исследований по диффузии веществ в породах, равновесию, кинетике и динамике процессов взаимодействия веществ с породами, выполненных в СССP и за границей.
|
| 606 |
1 |
|
|a Геохимические процессы
|2 stltpush
|3 (RuTPU)RU\TPU\subj\6294
|9 34217
|
| 610 |
1 |
|
|a геохимическая миграция
|
| 610 |
1 |
|
|a уравнения
|
| 610 |
1 |
|
|a горные породы
|
| 610 |
1 |
|
|a диффузия
|
| 610 |
1 |
|
|a решения
|
| 610 |
1 |
|
|a растворы
|
| 610 |
1 |
|
|a газы
|
| 610 |
1 |
|
|a ионный обмен
|
| 610 |
1 |
|
|a адсорбция
|
| 610 |
1 |
|
|a сорбция
|
| 610 |
1 |
|
|a химические реакции
|
| 610 |
1 |
|
|a кинетика
|
| 610 |
1 |
|
|a геохимическая миграция
|
| 610 |
1 |
|
|a фильтрация
|
| 610 |
1 |
|
|a диффузия
|
| 610 |
1 |
|
|a гидротермальные месторождения
|
| 610 |
1 |
|
|a формирование
|
| 675 |
|
|
|a 550.4
|v 3
|
| 700 |
|
1 |
|a Голубев
|b В. С.
|g Владимир Степанович
|
| 701 |
|
1 |
|a Гарибянц
|b А. А.
|g Артемий Арташесович
|
| 801 |
|
1 |
|a RU
|b 63413507
|c 20141110
|
| 801 |
|
2 |
|a RU
|b 63413507
|c 20210209
|g RCR
|
| 942 |
|
|
|c BK
|